| 000 | 01277nam a2200289 i 4500 | ||
|---|---|---|---|
| 001 | 190775 | ||
| 003 | ES-MaACL | ||
| 005 | 20240201135254.0 | ||
| 008 | 220704s2018 sp a 001 0dspa | ||
| 020 | _a978-84-16460-52-6 | ||
| 080 | _a070 García Martí, Victoriano | ||
| 080 | _a821.134.2-92"19" | ||
| 100 | 1 |
_aGarcía Martí, Victoriano, _d1881-1966 _954896 |
|
| 245 | 1 | 0 |
_aPor los caminos del siglo XX : _bobra periodística olvidada (1914-1963) / _cVictoriano García Martí ; edición, estudios y notas Arantxa Fuentes Ríos. |
| 260 |
_aSantiago de Compostela : _bConsorcio de Santiago : _bAlvarellos Editora, _c[2018] |
||
| 300 |
_a306 p. : _bil. ; _c21 cm. |
||
| 490 | 1 |
_aColección rescate ; _v24 |
|
| 504 | _aReferencias bibliográficas. | ||
| 505 | 8 | _aContiene: El centenario del Ateneo (1934), p. 119-122 | |
| 599 | _aEn p. [25]: Foto de la inauguración del curso académico 1922-1923 en el Ateneo de Madrid | ||
| 600 | 1 | 4 |
_aGarcía Martí, Victoriano, _d1881-1966 _954896 |
| 700 | 1 |
_aFuentes Ríos, Arantxa. _9174775 |
|
| 830 | 1 |
_aColección rescate ; _v24 _9225936 |
|
| 852 | 4 |
_aES-MaACL _jA-14994 _9197957 _bR.153293 _cDEPO1 _dOlim: N-7994 _hDonación: Editorial _x Encuadernación en cartone . |
|
| 942 | _2udc | ||
| 999 |
_c190775 _d190775 |
||